| 000 | 01096nas1a22002891i 4500 | ||
|---|---|---|---|
| 001 | RU\NLR\INFOCOMM44\1000023514 | ||
| 005 | 20240726074918.0 | ||
| 035 | _a(NLR Aleph) 002543450 | ||
| 090 |
_a2955686 _c2955686 |
||
| 100 | _a20040506c1913 |||y0rusy50 ca | ||
| 101 | 0 | _arus | |
| 102 | _aRU | ||
| 110 | _azyu||||0|y0 | ||
| 200 | 1 |
_aИзвестия Московского коммерческого института _iКоммерческо-техническое отделение |
|
| 207 | 1 | _aКн.1-4 | |
| 210 |
_aМ. _d1913-1917 |
||
| 710 | 0 | 2 |
_aМосковский коммерческий институт _bКоммерческо-техническое отделение _4070 |
| 801 | 1 |
_aRU _bInfoComm _c20040506 |
|
| 801 | 0 |
_aRU _bNLR _gPSBO |
|
| 852 |
_aNLR _j2/691 |
||
| 942 | _cSE | ||
| 980 | _aRUSPER | ||